| 000 | 00636nam a22002177a 4500 | ||
|---|---|---|---|
| 999 |
_c490 _d490 |
||
| 003 | OSt | ||
| 005 | 20200128102807.0 | ||
| 008 | 140923b xxu||||| |||| 00| 0 eng d | ||
| 020 | _a0443070881 | ||
| 040 | _cDDC | ||
| 082 | _aWB100 W465c 2002 | ||
| 100 |
_aWelsby, Philip D. _91295 |
||
| 245 |
_aClinical History Taking and Examination: _bAn illustrated colour text |
||
| 250 | _a2nd ed. | ||
| 260 |
_aLondon; _bChurchill Livingstone, _c2002. |
||
| 300 |
_ax, 166 p.: _bcol.ill; _c30 cm. |
||
| 504 | _aIncludes Bibiliographical references and index. | ||
| 650 |
_aClinical examination _913325 |
||
| 654 | _amedicine | ||
| 942 |
_2z _cSLOAN |
||